[Event "CHN Team"]
[Site "Beijing"]
[Date "2017.06.14"]
[Round "9.2"]
[White "Lou, Yiping"]
[Black "Lv, Qinhao"]
[Result "1-0"]
[WhiteElo "2468"]
[BlackElo "1823"]
[PlyCount "63"]
[EventDate "2017.06.06"]
[EventType "team-swiss"]
[EventRounds "9"]
[EventCountry "CHN"]
[SourceTitle "CBM 178 Extra"]
[Source "ChessBase"]
[SourceDate "2017.06.22"]
[SourceVersion "1"]
[SourceVersionDate "2017.06.22"]
[SourceQuality "1"]
[WhiteTeam "Shanghai"]
[BlackTeam "Ningbo Baixue Qiyuan"]
[WhiteTeamCountry "CHN"]
[BlackTeamCountry "CHN"]

1. Nf3 d5 2. g3 c5 3. Bg2 Nc6 4. c4 Nf6 5. 0-0 Bf5 6. cxd5 Nxd5 7. d3 Bg6 8. Nc3 e6 9. Nh4 Qd7 10. Bd2 Be7 11. Nxg6 hxg6 12. Rb1 0-0 13. a3 Rac8 14. Nxd5 exd5 15. e3 Bf6 16. f4 Rfd8 17. g4 g5 18. fxg5 Bxg5 19. Rf5 Qe7 20. Bxd5 Bxe3+ 21. Bxe3 Qxe3+ 22. Kh1 Rxd5 23. Rxd5 Nd4 24. Qf1 Re8 25. Rh5 Qe6 26. Qh3 Qc6+ 27. Qg2 Qg6 28. Rxc5 Qxd3 29. Rf1 Re2 30. Qd5 Rxh2+ 31. Kxh2 Qd2+ 32. Kh1 1-0

[Event "CHN-chTB"]
[Site "Harbin"]
[Date "2016.07.16"]
[Round "11.1"]
[White "Lv, Qinhao"]
[Black "Li, Chao B"]
[Result "0-1"]
[WhiteElo "1805"]
[BlackElo "2758"]
[PlyCount "46"]
[EventDate "2016.07.11"]
[EventType "team-swiss"]
[EventRounds "11"]
[EventCountry "CHN"]
[SourceTitle "CBM 173 Extra"]
[Source "ChessBase"]
[SourceDate "2016.08.29"]
[SourceVersion "1"]
[SourceVersionDate "2016.08.29"]
[SourceQuality "1"]
[WhiteTeam "Zhejiang Board Games"]
[BlackTeam "Sichuan Airlines"]
[WhiteTeamCountry "CHN"]
[BlackTeamCountry "CHN"]

1. e4 c5 2. Nf3 d6 3. Bb5+ Nd7 4. 0-0 a6 5. Bd3 Ngf6 6. c3 Ne5 7. Nxe5 dxe5 8. Bc2 e6 9. Kh1 Be7 10. f4 exf4 11. d4 e5 12. dxe5 Qxd1 13. Rxd1 Ng4 14. Rf1 g5 15. Nd2 Ne3 16. Bd3 Nxf1 17. Bxf1 Be6 18. b3 0-0-0 19. Be2 f6 20. Nf3 g4 21. Nh4 fxe5 22. Nf5 Bxf5 23. exf5 h5 0-1